The restless centuries : (Record no. 1983)

MARC details
000 -LEADER
fixed length control field 00711nam a22002297a 4500
003 - CONTROL NUMBER IDENTIFIER
control field BD-DhJNU
005 - DATE AND TIME OF LATEST TRANSACTION
control field 20250811062839.0
008 - FIXED-LENGTH DATA ELEMENTS--GENERAL INFORMATION
fixed length control field 250811b |||||||| |||| 00| 0 eng d
020 ## - INTERNATIONAL STANDARD BOOK NUMBER
International Standard Book Number 0808729195
040 ## - CATALOGING SOURCE
Original cataloging agency BD-DhJNU
Language of cataloging ENG
Transcribing agency BD-DhJNU
Modifying agency BD-DhJNU
082 ## - DEWEY DECIMAL CLASSIFICATION NUMBER
Edition number 23
Classification number 970.004 CAR
100 ## - MAIN ENTRY--PERSONAL NAME
Personal name CARROLL, Peter N
245 ## - TITLE STATEMENT
Title The restless centuries :
Remainder of title a history of the American People /
Statement of responsibility, etc. Peter N. Carroll and David W. Noble
250 ## - EDITION STATEMENT
Edition statement 2nd ed.
260 ## - PUBLICATION, DISTRIBUTION, ETC.
Place of publication, distribution, etc. United States of America :
Name of publisher, distributor, etc. Burgess Publishing,
Date of publication, distribution, etc. 1979.
300 ## - PHYSICAL DESCRIPTION
Extent xii, 540p. :
Other physical details ill. ;
Dimensions 22 cm.
490 ## - SERIES STATEMENT
Volume/sequential designation vol. ii
504 ## - BIBLIOGRAPHY, ETC. NOTE
Bibliography, etc. note Includes index
650 ## - SUBJECT ADDED ENTRY--TOPICAL TERM
Topical term or geographic name entry element Unites States
General subdivision History
700 ## - ADDED ENTRY--PERSONAL NAME
Personal name Noble, David W.
942 ## - ADDED ENTRY ELEMENTS (KOHA)
Source of classification or shelving scheme Dewey Decimal Classification
Koha item type Books
Suppress in OPAC No
Holdings
Withdrawn status Lost status Source of classification or shelving scheme Damaged status Not for loan Collection Home library Current library Shelving location Date acquired Source of acquisition Total checkouts Full call number Barcode Date last seen Copy number Price effective from Koha item type
    Dewey Decimal Classification     Non-fiction Jagannath University Central Library Jagannath University Central Library General stacks 08/11/2025 Purchased   970.004 CAR JNUCL7780 08/11/2025 1 08/11/2025 Books
    Dewey Decimal Classification     Non-fiction Jagannath University Central Library Jagannath University Central Library General stacks 08/11/2025 Purchased   970.004 CAR JNUCL7798 08/11/2025 2 08/11/2025 Books
    Dewey Decimal Classification     Non-fiction Jagannath University Central Library Jagannath University Central Library General stacks 08/11/2025 Purchased   970.004 CAR JNUCL8001 08/11/2025 3 08/11/2025 Books
    Dewey Decimal Classification     Non-fiction Jagannath University Central Library Jagannath University Central Library General stacks 08/11/2025 Purchased   970.004 CAR JNUCL8494 08/11/2025 4 08/11/2025 Books